000 00735cam a2200277 i 4500
005 20260322212059.0
008 data
010 _a 75043344
020 _a0873581477 :
_c{dollar}9.50
040 _aDLC
_cDLC
_dDLC
041 0 _aengspa
050 0 0 _aPE1121
_b.D33
082 0 0 _aB
_aB
092 _a972.1 D434 1976
100 1 _aDedera, Don.
245 1 0 _aGoodbye, García, adiós /
_cDon Dedera & Bob Robles.
250 _a1st ed.
260 _aFlagstaff [Ariz.] :
_bNorthland Press,
_cc1976.
300 _axvi, 131 p. :
_bill. ;
_c26 cm.
500 _aEnglish and Spanish.
500 _aIncludes index.
600 1 0 _aGarcía Jesús,
_d1883-1907.
650 0 _aReaders.
700 1 _aRobles, Bob,
_ejoint author.
001 data
999 _c1409
_d1409